Regions: statistical yearbook detailed tables

Gespeichert in:
Bibliographische Detailangaben
Körperschaft: Eurostat
Format: Buch
Sprache:Deutsch
Englisch
Französisch
Veröffentlicht: Luxembourg European Communities 2000
Ausgabe:1999 ed.
Schlagworte:
Tags: Tag hinzufügen
Keine Tags, Fügen Sie das erste Tag hinzu!

MARC

LEADER 00000nam a2200000 4500
001 0046827
005 20221221130540.5
020 |a 92-828-8578-X 
041 0 |a ger 
041 0 |a eng 
041 0 |a fre 
044 |a LU 
245 1 0 |a Regions: statistical yearbook  |b detailed tables 
250 |a 1999 ed. 
264 1 |a Luxembourg  |b European Communities  |c 2000 
300 |a CD-ROM 
610 2 0 |a Európska únia 
610 2 0 |a Európske spoločenstvá 
610 2 0 |a údaje štatistické 
610 2 0 |a údaje štatistické medzinárodné 
610 2 0 |a 1999 
710 2 |a Eurostat